书目信息 |
| 题名: |
工程造价管理
|
|
| 作者: | 程鸿群 , 姬晓辉 , 陆菊春 编著 | |
| 分册: | ||
| 出版信息: | 武汉 武汉大学出版社 2004.04 |
|
| 页数: | 356页 | |
| 开本: | 24cm | |
| 丛书名: | 21世纪工程管理学系列教材 | |
| 单 册: | ||
| 中图分类: | TU723.3 | |
| 科图分类: | ||
| 主题词: | 建筑造价管理--高等院校--教材 | |
| 电子资源: | ||
| ISBN: | 7-307-03466-2 | |
| 000 | 01110nam 2200289 450 | |
| 001 | 0151131990 | |
| 005 | 20160503110351.10 | |
| 010 | @a7-307-03466-2@dCNY28.00 | |
| 100 | @a20050927d2004 km y0chiy0120 ea | |
| 101 | 0 | @achi |
| 102 | @aCN@b420000 | |
| 105 | @aa a 000yy | |
| 200 | 1 | @a工程造价管理@Agong cheng zao jia guan li@d= The cost management of engineering@f程鸿群, 姬晓辉, 陆菊春编著@Fcheng hong qun,ji xiao hui,lu ju chun bian zhu@zeng |
| 210 | @a武汉@c武汉大学出版社@d2004.04 | |
| 215 | @a356页@c图@d24cm | |
| 225 | 2 | @a21世纪工程管理学系列教材 |
| 320 | @a有书目 (第355-356页)。 | |
| 330 | @a本书从理论与实际结合的原则出发,结合我国目前工程造价管理体制的改革和计价定价模式的变化,介绍了工程造价管理的基本原理与方法,并结合于案例。 | |
| 410 | 0 | @12001 @a21世纪工程管理学系列教材 |
| 510 | 1 | @aCost management of engineering@zeng |
| 606 | 0 | @a建筑造价管理@x高等院校@j教材 |
| 690 | @aTU723.3@v4 | |
| 701 | 0 | @a程鸿群@Acheng hong qun@4编著 |
| 701 | 0 | @a姬晓辉@Aji xiao hui@4编著 |
| 701 | 0 | @a陆菊春@Alu ju chun@4编著 |
| 801 | 0 | @aCN@bQSSK@c20081027 |
| 905 | @a10447@dTU723.3@eC745 | |
| 工程造价管理= The cost management of engineering/程鸿群, 姬晓辉, 陆菊春编著.-武汉:武汉大学出版社,2004.04 |
| 356页:图;24cm.-(21世纪工程管理学系列教材) |
| ISBN 7-307-03466-2:CNY28.00 |
| 本书从理论与实际结合的原则出发,结合我国目前工程造价管理体制的改革和计价定价模式的变化,介绍了工程造价管理的基本原理与方法,并结合于案例。 |
| ● |
| 相关链接 |
|
|
|
正题名:工程造价管理
索取号:TU723.3/C745
 
预约/预借
| 序号 | 登录号 | 条形码 | 馆藏地/架位号 | 状态 | 备注 |
| 1 | 1237838 | 212378381 | 管理学院资料室/ [索取号:TU723.3/C745] | 在馆 | |
| 2 | 459791 | 204597917 | 建筑库201/201建筑库 105排5列4层/ [索取号:TU723.3/C745] | 在馆 | |
| 3 | 487495 | 204874957 | 自科二线404/404自科库 3排1列3层/ [索取号:TU723.3/C745] | 在馆 | |
| 4 | 573142 | 205731421 | 建筑库201/201建筑库 33排4列2层/ [索取号:TU723.3/C745] | 在馆 | |
| 5 | 573143 | 205731430 | 建筑库201/201建筑库 33排4列2层/ [索取号:TU723.3/C745] | 在馆 | |
| 6 | 573144 | 205731449 | 建筑库201/201建筑库 33排4列2层/ [索取号:TU723.3/C745] | 在馆 |